000 00591nam a2200229Ia 4500
003 OSt
005 20221007072749.0
006 a|||||r|||| 00| 0
007 ta
008 221006b |||||||| |||| 00| 0 eng d
024 _a27,482
037 _cTextual
040 _aFLL
_cFLL
_beng
041 _2eng
_aeng
082 _aZ52, J5;1
100 _aHunter William A.
_9631605
245 0 _aRoman law
260 _aLondon
_bSweet & Maxwell, Ltd. London
_c1955
300 _axvi,212p
_ccm.
942 _hZ52, J5;1
_cTEXL
_2CC
999 _c1146922
_d1146922